Countries by City ! Easy Level - Statistics

General Stats
  • This quiz has been taken 21 times
  • The average score is 14 of 15
Answer Stats
Hint Answer % Correct
Sydney Australia
100%
Alexandria Egypt
100%
Lyon France
100%
Munich Germany
100%
Guatemala City Guatemala
100%
Naples Italy
100%
Osaka Japan
100%
Saint Petersburg Russia
100%
Chicago United States
100%
Nairobi Kenya
95%
Lagos Nigeria
95%
Bergen Norway
95%
Busan South Korea
90%
Christchurch New Zealand
85%
Douala Cameroon
50%
No matching quizzes found
Score Distribution
Percent of People with Each Score
Percentile by Number Answered
Your Score History
You have not taken this quiz